Biotechnology of biofertilizers

Αποθηκεύτηκε σε:
Λεπτομέρειες βιβλιογραφικής εγγραφής
Άλλοι συγγραφείς: Kannaiyan,, S. (Sadasivam) 1944- (Επιμελητής έκδοσης)
Μορφή: Βιβλίο
Γλώσσα:English
Δημοσίευση: Boston : Kluwer Academic, 2002
Θέματα:
Ετικέτες: Προσθήκη ετικέτας
Δεν υπάρχουν, Καταχωρήστε ετικέτα πρώτοι!

MARC

LEADER 00000nam a2200000 i 4500
001 1/86778
008 080528s2002 eng d
020 |a 1-84265-099-8 
035 |l 10097730 
040 |a GR-MY-UA  |b gre  |e aacr 
041 0 |a eng 
082 0 |a 631.86  |2 (22) 
245 1 0 |a Biotechnology of biofertilizers /  |c edited by S. Kannaiyan 
260 |a Boston :   |b Kluwer Academic,   |c 2002 
300 |a xii, 375 σ.;  |b πίν., σχ.;  |c 25 εκ. 
504 |a Περιέχει βιβλιογραφικές αναφορές 
650 0 0 |a Biofertilizers. 
650 0 0 |a Nitrogen  |x Fixation. 
700 1 |a Kannaiyan,, S.  |q (Sadasivam)  |d 1944-  |4 edt 
852 |a INST  |b LESVOS  |e 20080528  |h 631.86 BIO  |p 005100042566  |q 005100042566  |t BK  |y 0 
901 |a BIBL1-2008-2 
909 |a Λ  |b 152189 
922 |a 1ΕΛΗ  |b 200803  |c ΕΠΕΑΕΚ2/ΤΠ  |d ΕΛΕΥΘΕΡΟΥΔΑΚΗΣ 
970 |a ΧΑΤΖΗΜΙΧΑΗΛ  |b ΜΑΡΙΑ  |z 2008/05/28